|
|
|
|
| LEADER |
02067nam a2200469 i 4500 |
| 001 |
EBC1837071 |
| 003 |
MiAaPQ |
| 005 |
20200520144314.0 |
| 006 |
m o d | |
| 007 |
cr cnu|||||||| |
| 008 |
141122t20142014enka ob 001 0 eng d |
| 020 |
|
|
|z 9781443867450
|
| 020 |
|
|
|a 9781443870931
|q (electronic bk.)
|
| 035 |
|
|
|a (MiAaPQ)EBC1837071
|
| 035 |
|
|
|a (Au-PeEL)EBL1837071
|
| 035 |
|
|
|a (CaPaEBR)ebr10984025
|
| 035 |
|
|
|a (CaONFJC)MIL661753
|
| 035 |
|
|
|a (OCoLC)895433931
|
| 040 |
|
|
|a MiAaPQ
|b eng
|e rda
|e pn
|c MiAaPQ
|d MiAaPQ
|
| 043 |
|
|
|a f------
|
| 050 |
|
4 |
|a HC800
|b .P763 2014
|
| 082 |
0 |
|
|a 330.96
|2 23
|
| 245 |
0 |
0 |
|a Problems, promises, and paradoxes of aid :
|b Africa's experience /
|c edited by Muna Ndulo and Nicolas van de Walle ; contributors, Kojo Busia [and twelve others].
|
| 264 |
|
1 |
|a Newcastle upon Tyne, England :
|b Cambridge Scholars Publishing,
|c 2014.
|
| 264 |
|
4 |
|c 2014
|
| 300 |
|
|
|a 1 online resource (377 pages) :
|b illustrations, tables
|
| 336 |
|
|
|a text
|2 rdacontent
|
| 337 |
|
|
|a computer
|2 rdamedia
|
| 338 |
|
|
|a online resource
|2 rdacarrier
|
| 504 |
|
|
|a Includes bibliographical references at the end of each chapters and index.
|
| 588 |
|
|
|a Description based on online resource; title from PDF title page (ebrary, viewed November 22, 2014).
|
| 590 |
|
|
|a Electronic reproduction. Ann Arbor, MI : ProQuest, 2015. Available via World Wide Web. Access may be limited to ProQuest affiliated libraries.
|
| 651 |
|
0 |
|a Africa
|x Economic conditions.
|
| 651 |
|
0 |
|a Africa
|x Social conditions.
|
| 651 |
|
0 |
|a Africa
|x Social policy.
|
| 655 |
|
4 |
|a Electronic books.
|
| 700 |
1 |
|
|a Ndulo, Muna,
|e editor.
|
| 700 |
1 |
|
|a Van de Walle, Nicolas,
|d 1957-
|e editor.
|
| 700 |
1 |
|
|a Busia, Kojo,
|e contributor.
|
| 776 |
0 |
8 |
|i Print version:
|t Problems, promises, and paradoxes of aid : Africa's experience.
|d Newcastle upon Tyne, England : Cambridge Scholars Publishing, c2014
|h xix, 357 pages
|z 9781443867450
|
| 797 |
2 |
|
|a ProQuest (Firm)
|
| 856 |
4 |
0 |
|u https://ebookcentral.proquest.com/lib/matrademy/detail.action?docID=1837071
|z Click to View
|